Desarrollo de propuestas ténicas de sistemas de entrenamiento de operadores en Delta V para plantas industriales
Gorde:
| Egile nagusia: | |
|---|---|
| Formatua: | Liburua |
| Hizkuntza: | Spanish |
| Argitaratua: |
San José, Costa Rica
2016
|
| Gaiak: | |
| Etiketak: |
Etiketa erantsi
Etiketarik gabe, Izan zaitez lehena erregistro honi etiketa jartzen!
|
MARC
| LEADER | 00000nam a22000007a 4500 | ||
|---|---|---|---|
| 003 | 012550 | ||
| 005 | 20221231144143.0 | ||
| 008 | 170227b2016 cr a|||| m||| 00| ||spa d | ||
| 040 | |c cru CEDI | ||
| 090 | |a TFG 7701 | ||
| 100 | |9 6752 |a Rojas Alfaro, Gilberth | ||
| 245 | |a Desarrollo de propuestas ténicas de sistemas de entrenamiento de operadores en Delta V para plantas industriales | ||
| 260 | |a San José, Costa Rica |c 2016 | ||
| 300 | |a xxi,116[128] hojas; ilustraciones | ||
| 500 | |a Práctica dirigida (licenciatura en ingeniería química)--Universidad de Costa Rica. Facultad de Ingeniería. Escuela de Ingeniería Química | ||
| 650 | |x INTERFASES GRAFICAS CON EL USUARIO (SISTEMAS PARA COMPUTADORA) |x SISTEMAS DE CONTROL |x CONTROL DE PROCESOS - CONTROL AUTOMATICO |x EMPRESAS INDUSTRIALES |9 6753 | ||
| 942 | |c TFG | ||
| 999 | |c 17670 |d 17670 | ||
